[Event "IRL-ch"]
[Site "Dublin"]
[Date "2014.07.11"]
[Round "7"]
[White "O'Rourke, Ray"]
[Black "Palmer, Bernard"]
[Result "0-1"]
[WhiteElo "1997"]
[BlackElo "2026"]
[PlyCount "86"]
[EventDate "2014.07.05"]
[EventType "swiss"]
[EventRounds "9"]
[EventCountry "IRL"]
[SourceTitle "CBM 161 Extra"]
[Source "ChessBase"]
[SourceDate "2014.08.29"]
[SourceVersion "1"]
[SourceVersionDate "2014.08.29"]
[SourceQuality "1"]

1. e4 e6 2. d4 d5 3. Nd2 Be7 4. Ngf3 Nf6 5. e5 Nfd7 6. Bd3 c5 7. c3 Nc6 8. 0-0 g5 9. g4 Qb6 10. dxc5 Nxc5 11. Bc2 Qc7 12. Re1 Nd7 13. Ba4 Nf8 14. Nd4 Bd7 15. N2f3 Ng6 16. Nb5 Qd8 17. Nd6+ Bxd6 18. exd6 h6 19. Qxd5 Kf8 20. Qd1 Qf6 21. Bc2 e5 22. Bxg6 fxg6 23. h3 Re8 24. Be3 Rh7 25. Bc5 b6 26. Ba3 Rf7 27. Kg2 e4 28. Ng1 Qxf2+ 29. Kh1 Qg3 30. Rf1 Rf4 31. Qe1 Qd3 32. Rxf4+ gxf4 33. Rd1 Qc4 34. Qh4 Kg7 35. b3 Qa6 36. Bc1 g5 37. Qe1 Qxa2 38. c4 Qxb3 39. Qe2 f3 40. Bb2+ Kh7 41. Qh2 Qxd1 42. h4 Re6 43. hxg5 Qxd6 0-1

[Event "IRL-ch"]
[Site "Dublin"]
[Date "2014.07.07"]
[Round "3"]
[White "O'Rourke, Ray"]
[Black "Fox, Anthony"]
[Result "0-1"]
[WhiteElo "1997"]
[BlackElo "2059"]
[PlyCount "102"]
[EventDate "2014.07.05"]
[EventType "swiss"]
[EventRounds "9"]
[EventCountry "IRL"]
[SourceTitle "CBM 161 Extra"]
[Source "ChessBase"]
[SourceDate "2014.08.29"]
[SourceVersion "1"]
[SourceVersionDate "2014.08.29"]
[SourceQuality "1"]

1. d4 d5 2. Nf3 Nf6 3. Bf4 c5 4. e3 Nc6 5. c3 Qb6 6. b3 Bg4 7. Nbd2 e6 8. h3 Bh5 9. Bd3 Be7 10. g4 Bg6 11. Bxg6 hxg6 12. g5 Nd7 13. Kf1 Qa6+ 14. c4 cxd4 15. exd4 Nb6 16. Qe2 Rc8 17. c5 Qxe2+ 18. Kxe2 Nd7 19. Rac1 f6 20. gxf6 gxf6 21. a3 e5 22. dxe5 fxe5 23. Bg3 e4 24. Ne1 Nd4+ 25. Ke3 Nf5+ 26. Ke2 Rxc5 27. Rxc5 Bxc5 28. b4 Bb6 29. Bf4 0-0 30. Ng2 Nh4 31. Nxh4 Rxf4 32. Nxg6 Rxf2+ 33. Ke1 e3 34. Nf1 Kf7 35. Rg1 Ra2 36. Nh8+ Ke6 37. Rg6+ Ke5 38. Ng3 Rxa3 39. Nf7+ Kd4 40. h4 Kd3 41. Kf1 e2+ 42. Nxe2 Ra1+ 43. Kg2 Kxe2 44. Re6+ Kd3 45. h5 Rg1+ 46. Kh3 Bd4 47. h6 Nf6 48. Kh2 Ng4+ 49. Kh3 Nf2+ 50. Kh4 Ne4 51. Nd6 Bf2+ 0-1

[Event "IRL-ch"]
[Site "Limerick"]
[Date "2013.07.15"]
[Round "9"]
[White "O'Rourke, Ray"]
[Black "Quinn, Ciaran"]
[Result "1-0"]
[WhiteElo "2023"]
[BlackElo "2104"]
[PlyCount "51"]
[EventDate "2013.07.06"]
[EventType "swiss"]
[EventRounds "9"]
[EventCountry "IRL"]
[SourceTitle "EXT 2014"]
[Source "ChessBase"]
[SourceDate "2013.11.20"]
[SourceVersion "1"]
[SourceVersionDate "2013.11.20"]
[SourceQuality "1"]

1. d4 Nf6 2. Nf3 e6 3. Bf4 d5 4. e3 Nbd7 5. Nbd2 Be7 6. Bd3 0-0 7. 0-0 b6 8. Ne5 Bb7 9. h3 Ne4 10. f3 Nxd2 11. Qxd2 f6 12. Nxd7 Qxd7 13. g4 Bd6 14. Qh2 Rad8 15. Rae1 Rfe8 16. h4 e5 17. dxe5 Bxe5 18. g5 Bxf4 19. Qxf4 Qd6 20. Qxd6 Rxd6 21. f4 g6 22. f5 fxg5 23. hxg5 gxf5 24. Bxf5 Bc8 25. e4 dxe4 26. Bxe4 1-0

[Event "IRL-ch"]
[Site "Limerick"]
[Date "2013.07.08"]
[Round "4"]
[White "O'Rourke, Ray"]
[Black "Twomey, Pat"]
[Result "0-1"]
[WhiteElo "2023"]
[BlackElo "1875"]
[PlyCount "107"]
[EventDate "2013.07.06"]
[EventType "swiss"]
[EventRounds "9"]
[EventCountry "IRL"]
[SourceTitle "EXT 2014"]
[Source "ChessBase"]
[SourceDate "2013.11.20"]
[SourceVersion "1"]
[SourceVersionDate "2013.11.20"]
[SourceQuality "1"]

1. e4 c5 2. Nf3 Nc6 3. d4 cxd4 4. Nxd4 g6 5. Be3 Bg7 6. Nc3 Nf6 7. Be2 0-0 8. 0-0 d5 9. exd5 Nb4 10. d6 Qxd6 11. Ncb5 Qb8 12. c4 a6 13. Nc3 e5 14. Nb3 Bf5 15. Bb6 Nd7 16. Ba5 Nc6 17. Nd5 b6 18. Bc3 Rd8 19. Bg4 Bxg4 20. Qxg4 Nf6 21. Nxf6+ Bxf6 22. Qf3 Qd6 23. Rad1 Qe6 24. c5 Nd4 25. Bxd4 exd4 26. Nxd4 Bxd4 27. Rxd4 bxc5 28. Ra4 Qd5 29. Qxd5 Rxd5 30. Rc1 Rd2 31. b3 Re8 32. Rxa6 Ree2 33. Rf1 Rxa2 34. Rxa2 Rxa2 35. Rb1 Kf8 36. Kf1 Ke7 37. Rd1 Ke6 38. Rd3 f5 39. g3 Ke5 40. Kg2 Rb2 41. Kf3 g5 42. Ke3 f4+ 43. gxf4+ gxf4+ 44. Kf3 h5 45. Rc3 Kd5 46. h4 Rd2 47. Kxf4 Rxf2+ 48. Kg5 Rb2 49. Kxh5 Kd4 50. Rc4+ Kd5 51. Rc3 Kd4 52. Rg3 Rc2 53. Kg6 Ke4 54. h5 0-1

[Event "IRL-ch"]
[Site "Limerick"]
[Date "2013.07.06"]
[Round "1"]
[White "O'Rourke, Ray"]
[Black "Redmond, John P"]
[Result "0-1"]
[WhiteElo "2023"]
[BlackElo "2217"]
[PlyCount "92"]
[EventDate "2013.07.06"]
[EventType "swiss"]
[EventRounds "9"]
[EventCountry "IRL"]
[SourceTitle "EXT 2014"]
[Source "ChessBase"]
[SourceDate "2013.11.20"]
[SourceVersion "1"]
[SourceVersionDate "2013.11.20"]
[SourceQuality "1"]

1. e4 e6 2. d4 d5 3. Nd2 Nc6 4. c3 e5 5. Bb5 exd4 6. cxd4 dxe4 7. Qa4 Bd7 8. Ne2 a6 9. Bxc6 Bxc6 10. Qc2 e3 11. Nf3 exf2+ 12. Kxf2 Nf6 13. Re1 Be7 14. Bf4 0-0 15. Rad1 Bxf3 16. gxf3 Nd5 17. Bg3 Bg5 18. Nc3 Nxc3 19. Qxc3 Bh4 20. Re4 Bxg3+ 21. hxg3 Qd6 22. Rh1 Rad8 23. Qd3 h6 24. g4 Rfe8 25. Rxe8+ Rxe8 26. g5 Rd8 27. Rh4 h5 28. Re4 Qh2+ 29. Kf1 Qh3+ 30. Ke1 Qg3+ 31. Kd1 Qxg5 32. Qe2 g6 33. Kc2 Qf5 34. Kc1 c5 35. dxc5 Qxc5+ 36. Rc4 Qg5+ 37. f4 Qd5 38. b3 Qd7 39. a4 Re8 40. Qf1 Qe7 41. f5 Qa3+ 42. Kc2 Qa2+ 43. Kc3 Re3+ 44. Kd4 Qd2+ 45. Kc5 Qa5+ 46. Kd6 Rd3+ 0-1

[Event "Dublin Easter e2e4 op"]
[Site "Dublin"]
[Date "2013.03.30"]
[Round "4"]
[White "O'Rourke, Ray"]
[Black "Courtney, John"]
[Result "1-0"]
[WhiteElo "2026"]
[BlackElo "2005"]
[PlyCount "95"]
[EventDate "2013.03.28"]
[EventType "swiss"]
[EventRounds "9"]
[EventCountry "IRL"]
[SourceTitle "CBM 153 Extra"]
[Source "ChessBase"]
[SourceDate "2013.04.22"]
[SourceVersion "1"]
[SourceVersionDate "2013.04.22"]
[SourceQuality "1"]

1. e4 c5 2. Nf3 d6 3. d4 cxd4 4. Nxd4 Nf6 5. Nc3 a6 6. Be2 e6 7. 0-0 Be7 8. f4 0-0 9. Be3 Qc7 10. g4 b5 11. g5 Nfd7 12. Bg4 Nc5 13. f5 b4 14. Nd5 exd5 15. f6 Nxe4 16. Bxc8 Rxc8 17. Qg4 Bf8 18. fxg7 Bxg7 19. Nf5 Nc6 20. Nh6+ Bxh6 21. gxh6+ Kf8 22. Qg7+ Ke8 23. Qg8+ Kd7 24. Rxf7+ Ne7 25. Qxh7 Re8 26. Re1 Qxc2 27. Bg5 Kc6 28. Rc1 Qxc1+ 29. Bxc1 Rg8+ 30. Kf1 Raf8 31. Rxf8 Rxf8+ 32. Ke1 Nf5 33. Qa7 Nc5 34. h7 Kb5 35. Bg5 Ne4 36. Qb7+ Kc5 37. Be3+ d4 38. Qxe4 Nxe3 39. Ke2 Nc4 40. Qe7 Rc8 41. b3 Nb6 42. Qg5+ Nd5 43. Qh5 Rh8 44. Qf7 Nc3+ 45. Kd3 Nd5 46. Qa7+ Kc6 47. Qg7 Nf4+ 48. Kd2 1-0

[Event "IRL-ch"]
[Site "Dublin"]
[Date "2012.07.14"]
[Round "8"]
[White "O'Rourke, Ray"]
[Black "Courtney, John"]
[Result "1-0"]
[WhiteElo "2026"]
[BlackElo "1999"]
[PlyCount "77"]
[EventDate "2012.07.07"]
[EventType "swiss"]
[EventRounds "9"]
[EventCountry "IRL"]
[SourceTitle "CBM 149 Extra"]
[Source "ChessBase"]
[SourceDate "2012.08.24"]
[SourceVersion "1"]
[SourceVersionDate "2012.08.24"]
[SourceQuality "1"]

1. e4 c5 2. Nf3 d6 3. d4 cxd4 4. Nxd4 Nf6 5. Nc3 a6 6. Bc4 e6 7. Bb3 Nbd7 8. 0-0 Nc5 9. Qe2 b5 10. Bg5 Bb7 11. Rfe1 b4 12. Nd5 Nxb3 13. axb3 exd5 14. exd5+ Kd7 15. Nc6 Bxc6 16. dxc6+ Kxc6 17. Qc4+ Kd7 18. Qxf7+ Be7 19. Rad1 Ra7 20. Qe6+ Kc6 21. Rd4 a5 22. Rc4+ Kb5 23. Qe2 d5 24. Rc8+ Kb6 25. Rxd8 Rxd8 26. h4 h6 27. Be3+ Bc5 28. Bxc5+ Kxc5 29. Qe3+ d4 30. Qd3 Kc6 31. Qc4+ Kb7 32. Re7+ Rd7 33. Rxd7+ Nxd7 34. Qxd4 Nf6 35. g4 Ra8 36. g5 hxg5 37. hxg5 Ne8 38. Qd5+ Kb8 39. f4 1-0

[Event "IRL-ch"]
[Site "Dublin"]
[Date "2012.07.07"]
[Round "1"]
[White "Brady, Stephen"]
[Black "O'Rourke, Ray"]
[Result "1-0"]
[WhiteElo "2364"]
[BlackElo "2026"]
[PlyCount "51"]
[EventDate "2012.07.07"]
[EventType "swiss"]
[EventRounds "9"]
[EventCountry "IRL"]
[SourceTitle "CBM 149 Extra"]
[Source "ChessBase"]
[SourceDate "2012.08.24"]
[SourceVersion "1"]
[SourceVersionDate "2012.08.24"]
[SourceQuality "1"]

1. e4 c5 2. c3 Nf6 3. e5 Nd5 4. d4 cxd4 5. Nf3 Nc6 6. Bc4 Nb6 7. Bb3 d5 8. exd6 Qxd6 9. 0-0 Bg4 10. Bxf7+ Kd8 11. Bb3 d3 12. Be3 Ne5 13. Nxe5 Bxd1 14. Nf7+ Kd7 15. Nxd6 Bxb3 16. axb3 Nd5 17. Nf7 Rg8 18. Ne5+ Kc7 19. Nxd3 Nxe3 20. fxe3 Rd8 21. Nf4 Rd6 22. Na3 a6 23. Nc4 Rh6 24. Nd5+ Kb8 25. Ndb6 Kc7 26. Rad1 1-0

[Event "IRL-ch"]
[Site "Dublin"]
[Date "2010.07.03"]
[Round "1"]
[White "Rodriguez Lopez, Rafael"]
[Black "O'Rourke, Ray"]
[Result "1-0"]
[WhiteElo "2312"]
[BlackElo "2066"]
[PlyCount "72"]
[EventDate "2010.07.03"]
[EventType "swiss"]
[EventRounds "9"]
[EventCountry "IRL"]
[SourceTitle "EXT 2023"]
[Source "ChessBase"]
[SourceDate "2022.10.05"]
[SourceVersion "1"]
[SourceVersionDate "2022.10.05"]
[SourceQuality "1"]

1. e4 e6 2. d4 d5 3. Nc3 Nf6 4. e5 Ne4 5. Nxe4 dxe4 6. Bc4 Nd7 7. Ne2 c5 8. c3 Qc7 9. Bb3 b5 10. 0-0 Bb7 11. Ng3 0-0-0 12. Qe2 Qc6 13. Bc2 cxd4 14. Bxe4 Qc4 15. Bxb7+ Kxb7 16. Qxc4 bxc4 17. cxd4 Nb6 18. Be3 Nd5 19. Ne4 Be7 20. Rac1 Rc8 21. Nc5+ Bxc5 22. dxc5 Nxe3 23. fxe3 Rxc5 24. Rxf7+ Kb6 25. Rxg7 Rd8 26. Rc2 Rxe5 27. Rxh7 Rg8 28. Rh4 Kb5 29. Kf2 a5 30. Rf4 a4 31. a3 Rc5 32. g4 e5 33. Rf5 c3 34. Rxc3 Rxc3 35. bxc3 Kc4 36. g5 Kb3 1-0

[Event "EU Union-ch 4th"]
[Site "Liverpool"]
[Date "2008.09.17"]
[Round "9"]
[White "O'Rourke, Ray"]
[Black "Surtees, Michael"]
[Result "0-1"]
[WhiteElo "2062"]
[BlackElo "2182"]
[PlyCount "92"]
[EventDate "2008.09.09"]
[EventType "swiss"]
[EventRounds "10"]
[EventCountry "ENG"]
[SourceTitle "CBM 126 Extra"]
[Source "ChessBase"]
[SourceDate "2008.11.05"]
[SourceVersion "1"]
[SourceVersionDate "2008.11.05"]
[SourceQuality "1"]

1. e4 c6 2. d4 d5 3. Nc3 b5 4. exd5 b4 5. Ne4 cxd5 6. Ng3 e6 7. Nf3 Bd6 8. Bd3 Nc6 9. 0-0 h5 10. Re1 Nge7 11. Bb5 Qb6 12. Bxc6+ Qxc6 13. Ne5 Bxe5 14. Rxe5 h4 15. Nh5 f6 16. Nxg7+ Kf7 17. Rh5 Ba6 18. Bh6 Rxh6 19. Rxh6 Kxg7 20. Rxh4 Ng6 21. Rh3 Rc8 22. Rc1 Qd6 23. a3 f5 24. g3 bxa3 25. bxa3 Bb5 26. Qd2 f4 27. Kh1 Qf8 28. gxf4 Qxf4 29. Qxf4 Nxf4 30. Rg1+ Kf6 31. Rf3 Kf5 32. c3 Be2 33. Re3 Rb8 34. Re1 Rb2 35. h3 a5 36. Kh2 Bc4 37. Re5+ Kf6 38. Kg3 Ne2+ 39. Kg4 Kf7 40. f4 Bd3 41. Kg5 Nxc3 42. Kh4 Bf5 43. R5e3 Ne4 44. Rc1 Rb8 45. Rxe4 dxe4 46. Kg5 Rg8+ 0-1

[Event "EU Union-ch 4th"]
[Site "Liverpool"]
[Date "2008.09.09"]
[Round "1"]
[White "O'Rourke, Ray"]
[Black "McNab, Colin Anderson"]
[Result "0-1"]
[WhiteElo "2062"]
[BlackElo "2450"]
[PlyCount "116"]
[EventDate "2008.09.09"]
[EventType "swiss"]
[EventRounds "10"]
[EventCountry "ENG"]
[SourceTitle "CBM 126 Extra"]
[Source "ChessBase"]
[SourceDate "2008.11.05"]
[SourceVersion "1"]
[SourceVersionDate "2008.11.05"]
[SourceQuality "1"]

1. e4 g6 2. d4 d6 3. Nf3 Bg7 4. c3 Nf6 5. Nbd2 0-0 6. Be2 Nc6 7. 0-0 e5 8. dxe5 Nxe5 9. Nxe5 dxe5 10. Qc2 b6 11. a4 Bb7 12. Bf3 a5 13. Nc4 Qe7 14. Be3 Rfd8 15. Rfd1 Qe6 16. b3 Bf8 17. Rxd8 Rxd8 18. Bg5 Be7 19. Bxf6 Bxf6 20. Ne3 Bg5 21. Rd1 Rxd1+ 22. Qxd1 Bxe3 23. fxe3 Qe7 24. Qd3 Qc5 25. Kf2 Kg7 26. c4 Qe7 27. h3 Bc6 28. Qc3 h5 29. Kg1 Qd6 30. Kf2 Kf6 31. Kg1 Ke7 32. Kf2 f6 33. Kg3 Qa3 34. Qc2 Bd7 35. Kf2 Be6 36. Be2 Qc5 37. Bd3 c6 38. Qd1 Qb4 39. Qc2 Kd6 40. Be2 Kc7 41. Bd3 Qf8 42. Kg1 Qc5 43. Qf2 Kd7 44. Kh2 Ke7 45. Qd2 Qb4 46. Qxb4+ axb4 47. Bc2 Kd6 48. Kg3 Kc5 49. Kh4 Bxc4 50. g4 hxg4 51. hxg4 g5+ 52. Kh5 Bf7+ 53. Kh6 Kd6 54. Kg7 Ke7 55. Bd1 c5 56. Kh6 c4 57. bxc4 Bxc4 58. Bc2 b3 0-1

[Event "IRL-ch"]
[Site "Dublin"]
[Date "2005.07.15"]
[Round "7"]
[White "O'Rourke, Ray"]
[Black "Jeffares, Simon"]
[Result "1-0"]
[WhiteElo "2071"]
[BlackElo "2077"]
[PlyCount "57"]
[EventDate "2005.07.09"]
[EventType "swiss"]
[EventRounds "9"]
[EventCountry "IRL"]
[SourceTitle "CBM 107 Extra"]
[Source "ChessBase"]
[SourceDate "2005.09.01"]
[SourceVersion "1"]
[SourceVersionDate "2005.09.01"]
[SourceQuality "1"]

1. e4 c5 2. Nf3 d6 3. d4 cxd4 4. Nxd4 Nf6 5. Nc3 a6 6. Be2 e5 7. Nb3 Be7 8. 0-0 0-0 9. a4 Be6 10. Be3 Nbd7 11. f4 exf4 12. Rxf4 Ne5 13. Nd4 Ne8 14. Nxe6 fxe6 15. Bg4 Rxf4 16. Bxf4 Nxg4 17. Qxg4 Qb6+ 18. Kh1 Nc7 19. Bh6 g6 20. Rf1 Bf6 21. Bg5 Bg7 22. e5 Bxe5 23. Qf3 d5 24. Qf7+ Kh8 25. Bf6+ Bxf6 26. Qxf6+ Kg8 27. Qf7+ Kh8 28. Qe7 h5 29. Rf7 1-0

[Event "Bunratty Masters op"]
[Site "Bunratty"]
[Date "2001.02.17"]
[Round "4"]
[White "Freeman, Gordon"]
[Black "O'Rourke, Ray"]
[Result "1/2-1/2"]
[WhiteElo "2082"]
[BlackElo "2071"]
[PlyCount "42"]
[EventDate "2001.02.19"]
[EventType "swiss"]
[EventRounds "6"]
[EventCountry "IRL"]
[SourceTitle "CBM 080 Extra"]
[Source "ChessBase"]
[SourceDate "2001.03.08"]
[SourceVersion "1"]
[SourceVersionDate "2001.03.08"]
[SourceQuality "1"]

1. e4 c5 2. Nc3 Nc6 3. g3 d6 4. Bg2 Nf6 5. d3 g6 6. f4 Bg7 7. Nf3 0-0 8. 0-0 a6 9. h3 e5 10. g4 exf4 11. Bxf4 Re8 12. Qd2 Be6 13. Bh6 Bh8 14. Ng5 Ne5 15. Nd5 Bxd5 16. exd5 Nfxg4 17. hxg4 Nxg4 18. Nf3 Nxh6 19. Qxh6 Bg7 20. Qf4 h6 21. Nh2 f5 1/2-1/2

[Event "Bunratty Masters op"]
[Site "Bunratty"]
[Date "1999.02.20"]
[Round "5"]
[White "O'Rourke, Ray"]
[Black "Baker, Chris W"]
[Result "0-1"]
[WhiteElo "2052"]
[BlackElo "2390"]
[PlyCount "72"]
[EventDate "1999.02.18"]
[EventType "swiss"]
[EventRounds "6"]
[EventCountry "IRL"]
[SourceTitle "EXT 2000"]
[Source "ChessBase"]
[SourceDate "1999.11.16"]
[SourceVersion "1"]
[SourceVersionDate "1999.11.16"]
[SourceQuality "1"]

1. e4 c5 2. Nf3 Nc6 3. d3 Nf6 4. g3 d5 5. Nbd2 dxe4 6. dxe4 g6 7. Bg2 Bg7 8. 0-0 0-0 9. Qe2 Bg4 10. h3 Nd4 11. Qc4 Be6 12. Qd3 Nd7 13. c3 c4 14. Qb1 Ne2+ 15. Kh2 Nc5 16. Re1 Nxc1 17. Rxc1 Nd3 18. Rf1 Qa5 19. Qc2 Rfd8 20. Nh4 Nxb2 21. Nb1 Na4 22. Rc1 Rd3 23. Bf1 Rad8 24. Bxd3 cxd3 25. Qd2 Nc5 26. c4 Qb6 27. Nc3 Bxc3 28. Qxc3 Nxe4 29. c5 Qb5 30. Qe1 d2 31. Qxe4 dxc1Q 32. Rxc1 Rd2 33. c6 bxc6 34. Kg1 Qe2 35. Qf4 Bd5 36. Ng2 e5 0-1